000 00624 a2200181 4500
003 Nust
005 20221206125750.0
040 _cNust
082 _a621.3815483,WEB
100 _aWeber, Joe
_9104243
245 _aOscilloscope probe circuits /
_cJoe Weber
250 _a1st ed.
260 _aNew York
_bTextronix
_c1969
300 _a134 p.
505 _aIntroduction (Page-3), Passive Voltage Probes (Page-9), Z 0 Probes (Page-29), Active Voltage Probes (Page-39), Current Probes (Page-91), Differential Probes (Page-91), High Voltage Probes (Page-107).
650 _aTelecommunication Engineering.
942 _2ddc
_cBK
999 _c182485
_d182485